000 01068cam a2200241 4500
001 RV123624
008 030916n2002 000 0 eng u
035 _a(Sirsi) u123624
245 _aPFI review (R730)
260 _c2002
490 _aRICS Abstracts and Reviews
_v38(2) February 2002, 17-23(7)
520 _aReading list on the private finance initiative (PFI). Focuses on the key developments since 1997. Give details of books, videos, relevant journals and websites as well as a wide range of articles covering the PFI in general and aspects such as construction, contracts, education, housing and local authority participation. Updates "Private finance initiative" R662 February 1996. Available from the RICS Library, price £ 4.00.
650 _aPFI
650 _aPUBLIC PRIVATE PARTNERSHIPS
650 _aCAPITAL PROJECTS
650 _aFUNDING
650 _aLOCAL AUTHORITIES
650 _aRICS HOT TOPICS
650 _aRICS REVIEWS
650 _aREADING LISTS
690 _aMANAGEMENT-BUSINESS MANAGEMENT-FINANCIAL MANAGEMENT
942 _n0
999 _c103072
_d103072